00545nam a2200193Ia 4500003000400000005001700004008004100021020002900062040001700091082002100108100001800129245006900147250001200216260003000228300002200258500001900280650002700299651002500326IIN20250530122211.0250530s2022 xx ad 001 0 eng d cRs.895.00a9788195140268 aIINbEnglish a616.890231 bKAP1 aKapoor, Bimla 2aA Textbook Mental Health and Psychiatric Nursing /cBimla Kapoor a4rth ed aDelhi :bKumar Pub,c2022 axxxv, 646p.bill. aIncludes Index1 aMental HealthvNursing aPsychiatricvNursing